000 00564cam a22001097a 4500
008 180718b1976 xxu||||| |||| 00| 0 eng d
082 _aP11x5444 K147
245 _aReport of the demand and supply of primary and secondary school teachers during the fifth five year plan
_cby Manpower Unit, Directorate of Evaluation, Manpower and Project Formulation, Planning Department, Karnataka
260 _aBangalore
_bGovernment Press
_c1976
300 _a21p
700 _aKarnataka. Planning Department. Directorate of Evaluation, Manpower and Project Formulation, Manpower Unit
999 _c494502
_d494502